| 000 | 00917nam a2200301Ia 4500 | ||
|---|---|---|---|
| 003 | OSt | ||
| 005 | 20220912150614.0 | ||
| 006 | a|||||r|||| 00| 0 | ||
| 007 | ta | ||
| 008 | 220909b |||||||| |||| 00| 0 eng d | ||
| 020 | _a0742525597 (pbk) | ||
| 024 | _a12631 | ||
| 037 | _b10385, 20/09/2004, Govinda Book House | ||
| 037 | _cTextual | ||
| 040 |
_aCSL _beng _cCSL |
||
| 041 | _aeng | ||
| 082 | _aY:(G:66), P3 Y17D | ||
| 100 | _aTurner Jonathan H | ||
| 245 | 0 | _aHuman institutions: a theory of societal evolution | |
| 260 |
_aLanham _bRowman & Littlefield Publishers _c2003 |
||
| 300 |
_axiv, 308p. _ccm. |
||
| 500 | _aBibliography 283-300p; Indexes 301-308p | ||
| 650 | _a Social | ||
| 650 | _a Social evolution | ||
| 650 | _aAnthropology | ||
| 942 |
_hY:(G:66), P3 Y17D _cTEXL _2CC |
||
| 999 |
_c50755 _d50755 |
||